000 00338nam a2200145Ia 4500
008 210210b1958 xxu||||| |||| 00| 0 eng d
082 _a629.4 NEWS
100 _aNEWELL (Homer E).
245 _aSpace book for young people.
260 _aND
_bEurasia
_c1958
300 _a106
650 _aSpace
690 _aAstronomy
906 _a028415
999 _c79663
_d79663